[Event "Superettan(Burgsvik-Manhem)"]
[Site "?"]
[Date "2017.10.21"]
[Round "2"]
[White "Packalen, Marcus"]
[Black "Andreasson, Vincent"]
[Result "1-0"]
[WhiteElo "2148"]
[BlackElo "2006"]
[PlyCount "87"]

1. e4 c5 2. Nf3 d6 3. d4 cxd4 4. Nxd4 Nf6 5. Nc3 a6 6. f4 e6 7. Qf3 Qb6 8. Nb3
Qc7 9. Bd3 b5 10. Be3 Bb7 11. O-O-O Nbd7 12. Rhe1 b4 13. Ne2 Nc5 14. Nxc5 dxc5
15. c4 O-O-O 16. Bc2 Be7 17. g4 Nd7 18. Ng3 Nb6 19. Qe2 a5 20. Rxd8+ Rxd8 21.
Rd1 Rxd1+ 22. Kxd1 a4 23. Ke1 g5 24. e5 gxf4 25. Bxf4 Bh4 26. Be4 Ba6 27. b3
Nd5 28. Bxd5 exd5 29. Qf3 axb3 30. axb3 Qa5 31. Qxd5 Bb7 32. Qd6 Qa1+ 33. Ke2
Qb2+ 34. Bd2 Qxb3 35. Qxc5+ Kd7 36. Qd6+ Kc8 37. Qf8+ Bd8 38. Qc5+ Kd7 39. Bxb4
Qb2+ 40. Bd2 Bf3+ 41. Kxf3 Qxd2 42. Qd5+ Qxd5+ 43. cxd5 f6 44. e6+ 1-0

[Event "Superettan(Schack 08-Orgryte)"]
[Site "?"]
[Date "2017.10.21"]
[Round "2"]
[White "Arnelind, Mikael"]
[Black "Ingbrant, Johan"]
[Result "0-1"]
[WhiteElo "2221"]
[BlackElo "2364"]
[PlyCount "78"]

1. d4 d5 2. c4 dxc4 3. Nf3 Nf6 4. e3 Bg4 5. Bxc4 e6 6. O-O a6 7. Nc3 Nc6 8. h3
Bh5 9. Be2 Bd6 10. a3 O-O 11. b4 Qe7 12. Bb2 Rad8 13. b5 axb5 14. Nxb5 e5 15.
Nxd6 cxd6 16. d5 Na5 17. Qa4 b6 18. Rfd1 Nd7 19. Qb5 Nc5 20. Bc3 Qa7 21. Bb4 f6
22. Bxc5 bxc5 23. g4 Bg6 24. Qa4 Rb8 25. Bb5 Rb7 26. Nh4 Rfb8 27. Bd3 Be8 28.
Qe4 g6 29. Qf3 Kg7 30. Qe2 Rb2 31. Qe1 c4 32. Be4 Nb3 33. Rab1 Nc5 34. Rxb2
Rxb2 35. Qc3 Qb6 36. Bf3 Ba4 37. Rf1 Rb3 38. Qa1 c3 39. Bd1 Rb1 0-1

[Event "Superettan(Schack 08-Orgryte)"]
[Site "?"]
[Date "2017.10.21"]
[Round "2"]
[White "Laveryd, Peter"]
[Black "Kumar, Rahul"]
[Result "1-0"]
[WhiteElo "2363"]
[BlackElo "2198"]
[PlyCount "93"]

1. c4 d6 2. g3 g6 3. Bg2 Bg7 4. Nc3 Nc6 5. Nf3 e5 6. O-O Nge7 7. Rb1 a5 8. d3
O-O 9. a3 Bg4 10. h3 Bd7 11. b4 axb4 12. axb4 Qc8 13. Kh2 Re8 14. e3 Nd8 15.
Bb2 f5 16. Ra1 Nf7 17. Rxa8 Qxa8 18. Qb3 Qc8 19. Nd5 Nxd5 20. cxd5 Bb5 21. Rc1
Qd7 22. Nd2 Bh6 23. Ra1 Rb8 24. Qc2 Rc8 25. Qb3 Bg7 26. Ra5 h5 27. Nf3 Bf6 28.
Qa3 Kg7 29. Kg1 Kh7 30. h4 Bd8 31. Qb3 c6 32. Ra1 Bf6 33. Nd2 Bd8 34. Nc4 Nh6
35. Na3 Ng4 36. Nxb5 cxb5 37. d4 f4 38. exf4 exf4 39. Qd3 Qf7 40. Rc1 Rc4 41.
Qf3 Rxb4 42. Ba3 Rxd4 43. Bxd6 Bb6 44. Bxf4 Rc4 45. Rf1 Nxf2 46. Rxf2 Rc2 47.
Be3 1-0

[Event "Superettan(Schack 08-Orgryte)"]
[Site "?"]
[Date "2017.10.21"]
[Round "2"]
[White "Hansson, Fredrik"]
[Black "Renman, Nils-Gustaf"]
[Result "1/2-1/2"]
[WhiteElo "2150"]
[BlackElo "2353"]
[PlyCount "84"]

1. e4 e6 2. d4 d5 3. exd5 exd5 4. c4 Nf6 5. Nc3 Be7 6. Nf3 O-O 7. h3 Re8 8. Be2
dxc4 9. O-O Nbd7 10. Bxc4 Nb6 11. Bb3 Nbd5 12. Re1 c6 13. Ne5 Be6 14. Na4 Nd7
15. Bd2 Nxe5 16. dxe5 b5 17. Nc3 Nxc3 18. Bxc3 c5 19. Bxe6 fxe6 20. Qg4 Qb6 21.
b3 Rad8 22. Rad1 Qc6 23. a4 b4 24. Bb2 Rd5 25. Rxd5 exd5 26. Rc1 a5 27. e6 Bf8
28. Bd4 Qxe6 29. Qxe6+ Rxe6 30. Bxc5 Rc6 31. Be3 Rc3 32. Rd1 Rxb3 33. Rxd5 Rb1+
34. Kh2 b3 35. Rxa5 b2 36. Rb5 Bd6+ 37. g3 Be5 38. Rxe5 Ra1 39. Rb5 b1=Q 40.
Rxb1 Rxb1 41. a5 Ra1 42. Bb6 Kf7 1/2-1/2

[Event "Superettan(Schack 08-Orgryte)"]
[Site "?"]
[Date "2017.10.21"]
[Round "2"]
[White "Schutz, Ingemar"]
[Black "Eksmyr, Johan"]
[Result "1-0"]
[WhiteElo "2189"]
[BlackElo "2210"]
[PlyCount "119"]

1. e4 c6 2. d4 d5 3. Nc3 dxe4 4. Nxe4 Nf6 5. Ng3 h5 6. Bc4 h4 7. N3e2 Bf5 8.
Nf3 Nbd7 9. h3 e6 10. Bg5 Be4 11. Nxh4 Qa5+ 12. Bd2 Qh5 13. Nf3 Bxf3 14. gxf3
Qxf3 15. Ng3 Qxd1+ 16. Rxd1 O-O-O 17. Bb3 Bd6 18. c4 Rh7 19. Kf1 Re8 20. Kg2 g6
21. Bc2 e5 22. dxe5 Bxe5 23. b4 Rhh8 24. Rhe1 Bc7 25. Rxe8+ Rxe8 26. Re1 Rxe1
27. Bxe1 Be5 28. Bd2 c5 29. f4 Bb2 30. b5 Nb6 31. Bd3 Na4 32. f5 Nc3 33. Bxc3
Bxc3 34. fxg6 fxg6 35. Bxg6 Kc7 36. h4 Kd6 37. h5 Bb2 38. Kf3 Nd7 39. Ke4 b6
40. Kf5 Bg7 41. Bf7 Bb2 42. h6 Ke7 43. Bd5 Nf8 44. Bg8 Bc3 45. Nh5 Nd7 46. Nf4
Kd6 47. Ng6 Nf6 48. h7 Nxh7 49. Bxh7 Bb2 50. Bg8 Bc3 51. Ke4 Bg7 52. Nh4 Bc3
53. Nf5+ Kc7 54. Kd5 Be1 55. Ne7 Bg3 56. Be6 Bh4 57. Nc6 Kb7 58. Kd6 a6 59.
bxa6+ Kxa6 60. Bc8# 1-0

[Event "Superettan(Schack 08-Orgryte)"]
[Site "?"]
[Date "2017.10.21"]
[Round "2"]
[White "Fransson, Patrick"]
[Black "Nyander, Joakim"]
[Result "0-1"]
[WhiteElo "2132"]
[BlackElo "2155"]
[PlyCount "196"]

1. d4 d5 2. Bg5 h6 3. Bf4 e6 4. e3 Bd6 5. Bxd6 cxd6 6. c3 Nf6 7. Bd3 Nc6 8. Nd2
Rb8 9. Ne2 O-O 10. O-O Qe7 11. Ng3 Re8 12. a4 Bd7 13. b4 Rbc8 14. Qb3 e5 15.
Rac1 Be6 16. Qa3 Rcd8 17. Rfe1 Bc8 18. Nb3 Ng4 19. Qa2 Qh4 20. h3 Nf6 21. Nd2
e4 22. Bf1 Qg5 23. b5 Ne7 24. c4 Nf5 25. Nxf5 Bxf5 26. g3 Qh5 27. cxd5 Bxh3 28.
Bg2 Bxg2 29. Kxg2 Ng4 30. Nf1 Rc8 31. Qe2 Qf5 32. Nh2 Nf6 33. f4 exf3+ 34. Qxf3
Qxd5 35. Qxd5 Nxd5 36. Rxc8 Rxc8 37. Kf3 Rc3 38. Nf1 Ra3 39. Nd2 Rxa4 40. Ne4
Kf8 41. Nxd6 b6 42. Ke4 Nf6+ 43. Ke5 Ra3 44. e4 Rxg3 45. Rc1 Rg5+ 46. Kf4 Nh5+
47. Ke3 Rg3+ 48. Kd2 Ra3 49. Rc8+ Ke7 50. e5 f6 51. Nc4 Ra1 52. Ke3 fxe5 53.
dxe5 Ra4 54. Ke4 Kd7 55. Rc6 Rb4 56. Rd6+ Ke7 57. Kd4 Rxb5 58. Ne3 Nf4 59. Ke4
Rb4+ 60. Kf3 a5 61. Nc2 Rb2 62. Nd4 Nh5 63. Ke4 Nf6+ 64. Kf5 Rf2+ 65. Kg6 Rg2+
66. Kf5 Rf2+ 67. Kg6 Rg2+ 68. Kf5 g6+ 69. Kf4 Rg4+ 70. Kf3 Rg3+ 71. Kf4 Nh5+
72. Ke4 Ng7 73. Nc6+ Kf8 74. Rd8+ Ne8 75. Kd5 Rd3+ 76. Nd4 h5 77. Ke4 Rg3 78.
Kd5 Rd3 79. Ke4 Rc3 80. Rb8 Kf7 81. Rxb6 a4 82. Ra6 a3 83. Ra7+ Kf8 84. Nb5 Rg3
85. Nxa3 Rg1 86. Nc4 Re1+ 87. Kd5 h4 88. Ke6 Re4 89. Nd2 Rf4 90. Ra3 Nc7+ 91.
Kd7 Rd4+ 92. Kxc7 Rxd2 93. Ra6 Kf7 94. Rd6 Re2 95. Rd4 g5 96. Kd6 h3 97. Rd3 g4
98. Rg3 Rd2+ 0-1

[Event "Superettan(Schack 08-Orgryte)"]
[Site "?"]
[Date "2017.10.21"]
[Round "2"]
[White "Wikstrom, Per"]
[Black "Anderzen, Robert"]
[Result "1/2-1/2"]
[WhiteElo "2195"]
[BlackElo "2120"]
[PlyCount "78"]

1. d4 Nf6 2. Bf4 g6 3. e3 Bg7 4. Nf3 O-O 5. h3 c5 6. c3 d6 7. Nbd2 b6 8. Be2
Bb7 9. O-O Nbd7 10. a4 a6 11. Bh2 Rc8 12. Qb3 Qc7 13. Rad1 cxd4 14. exd4 Bh6
15. Rfe1 Nd5 16. Bf1 Rce8 17. Ne4 Bf4 18. Bxf4 Nxf4 19. g3 Nh5 20. Bg2 Nhf6 21.
Nxf6+ Nxf6 22. Nh4 Bxg2 23. Nxg2 e6 24. Ne3 d5 25. Ng4 Nxg4 26. hxg4 b5 27. Rd2
Qc4 28. Qxc4 bxc4 29. Kg2 f6 30. Rde2 Kf7 31. f4 f5 32. g5 Re7 33. Kf3 Rb8 34.
Rh1 Ke8 35. Reh2 Rbb7 36. Ke3 Kd8 37. Kf3 Ke8 38. Ke3 Kd8 39. Kf3 Ke8 1/2-1/2

[Event "Superettan(Schack 08-Orgryte)"]
[Site "?"]
[Date "2017.10.21"]
[Round "2"]
[White "Subramanian, Aditya"]
[Black "Ottenklev, Niclas"]
[Result "1-0"]
[WhiteElo "2100"]
[BlackElo "2173"]
[PlyCount "59"]

1. Nf3 d5 2. d4 e6 3. c4 c6 4. e3 Nf6 5. Nc3 Nbd7 6. Bd2 Bd6 7. Bd3 dxc4 8.
Bxc4 b5 9. Bd3 Bb7 10. Rc1 Rc8 11. a3 a5 12. O-O O-O 13. e4 e5 14. dxe5 Nxe5
15. Nxe5 Bxe5 16. Qe2 Qd6 17. f4 Bd4+ 18. Kh1 Rcd8 19. Rf3 Rfe8 20. Re1 b4 21.
axb4 axb4 22. e5 bxc3 23. bxc3 Qd7 24. cxd4 Qxd4 25. Bc3 Qc5 26. Qc2 Nd5 27.
Bxh7+ Kf8 28. Be4 Re6 29. Rb1 Ba6 30. Bb4 1-0

[Event "Superettan(Schack 08-Orgryte)"]
[Site "?"]
[Date "2017.10.21"]
[Round "2"]
[White "Arvidsson, Tomas"]
[Black "Grimsholm, Ola"]
[Result "1/2-1/2"]
[WhiteElo "2011"]
[BlackElo "2029"]
[PlyCount "149"]

1. e4 c5 2. Nc3 d6 3. g3 Nf6 4. Bg2 g6 5. Nge2 Bg7 6. d3 Nc6 7. h3 O-O 8. O-O
Bd7 9. Bg5 Rb8 10. Qd2 Re8 11. Bh6 Bh8 12. f4 b5 13. g4 b4 14. Nd1 e6 15. Ng3
Bc8 16. e5 Nd5 17. exd6 Qxd6 18. Ne4 Qe7 19. Kh1 Rd8 20. Qf2 Bd4 21. Qg3 Bb7
22. c3 Bh8 23. Rc1 bxc3 24. bxc3 Ba6 25. Re1 Re8 26. g5 c4 27. d4 Bb7 28. Ndf2
Qc7 29. Nf6+ Nxf6 30. gxf6 Bxf6 31. Ne4 Bh8 32. Nc5 Na5 33. Rc2 Bxg2+ 34. Rxg2
Qc6 35. Ne4 Nb7 36. Bg5 Nd6 37. Nxd6 Qxd6 38. h4 h5 39. Kh2 Bg7 40. Re5 Bxe5
41. fxe5 Qf8 42. Qf3 Rb6 43. Bc1 Kh7 44. Qe4 Reb8 45. Rg5 Rb2+ 46. Bxb2 Rxb2+
47. Kh3 Kg7 48. Qf3 Qe7 49. Rg1 Kh7 50. a4 Qb7 51. d5 exd5 52. e6 fxe6 53. Qf6
Qg7 54. Qxe6 Rd2 55. Rg3 a5 56. Rf3 Rd3 57. Rxd3 cxd3 58. Qxd5 Qxc3 59. Qf7+
Qg7 60. Qd5 Qf6 61. Qd7+ Kh6 62. Qe8 Qf3+ 63. Kh2 Kg7 64. Qd7+ Qf7 65. Qd8 Qa2+
66. Kg3 Qxa4 67. Qe7+ Kg8 68. Qe6+ Kf8 69. Qf6+ Ke8 70. Qxg6+ Ke7 71. Qh7+ Kf6
72. Qh6+ Ke7 73. Qh7+ Ke6 74. Qg6+ Ke7 75. Qh7+ 1/2-1/2

[Event "Superettan(Vasteras-Kristallen)"]
[Site "?"]
[Date "2017.10.21"]
[Round "2"]
[White "Walinder, Lars"]
[Black "Akesson, Ralf"]
[Result "0-1"]
[WhiteElo "2202"]
[BlackElo "2445"]
[PlyCount "64"]
[SourceDate "2017.11.04"]

1. c4 Nf6 2. Nc3 c5 3. Nf3 e6 4. e3 a6 5. d4 d5 6. cxd5 exd5 7. Be2 Nc6 8. O-O
Bd6 9. dxc5 Bxc5 10. b3 O-O 11. Bb2 Ba7 12. Rc1 Re8 13. Qd2 Be6 14. Rfd1 Qe7
15. Bd3 Rad8 16. Ne2 Bg4 17. Bb1 Ne4 18. Bxe4 dxe4 19. Qc3 Rxd1+ 20. Rxd1 Qf8
21. Rd5 exf3 22. Ng3 f6 23. gxf3 Bxf3 24. Rd7 Ne5 25. Rc7 Bb6 26. Nf5 Rd8 27.
h4 Bxc7 28. Qxc7 Rd7 29. Qb6 Qe8 30. Bd4 Qg6+ 31. Ng3 Qg4 32. Kf1 Nd3 0-1

[Event "Superettan(Vasteras-Kristallen)"]
[Site "?"]
[Date "2017.10.21"]
[Round "2"]
[White "Sjodahl, Pontus"]
[Black "Lindh, Fredrik"]
[Result "1-0"]
[WhiteElo "2413"]
[BlackElo "2254"]
[PlyCount "57"]

1. d4 Nf6 2. c4 g6 3. f3 d5 4. cxd5 Nxd5 5. e4 Nb6 6. Nc3 Bg7 7. Be3 Nc6 8. d5
Ne5 9. Bd4 O-O 10. f4 Ng4 11. Bxg7 Kxg7 12. Qd4+ Kg8 13. Nf3 c6 14. h3 Nf6 15.
dxc6 bxc6 16. Qxd8 Rxd8 17. Kf2 Rb8 18. Be2 Nbd7 19. b3 Nc5 20. Ke3 Rb4 21. Ne5
Rd6 22. Bc4 Be6 23. Rhd1 Bxc4 24. Nxc4 Nfxe4 25. Nxe4 Re6 26. Rd4 f5 27. Ne5
Rxe5 28. fxe5 f4+ 29. Kf3 1-0

[Event "Superettan(Vasteras-Kristallen)"]
[Site "?"]
[Date "2017.10.21"]
[Round "2"]
[White "Hesselborn, Per Ove"]
[Black "Miezis, Normunds"]
[Result "0-1"]
[WhiteElo "2161"]
[BlackElo "2416"]
[PlyCount "104"]

1. Nf3 c5 2. g3 Nc6 3. c4 g6 4. Bg2 Bg7 5. O-O e5 6. Nc3 Nge7 7. a3 d6 8. d3
O-O 9. Rb1 a5 10. Ne1 h6 11. Nc2 a4 12. Ne3 Nd4 13. Ned5 Nxd5 14. Nxd5 Bg4 15.
f3 Bd7 16. e4 b5 17. Be3 bxc4 18. dxc4 Rb8 19. Rf2 Rb3 20. Bxd4 exd4 21. Bf1 f5
22. Bd3 fxe4 23. Bxe4 Bf5 24. Bxf5 Rxf5 25. f4 Kh7 26. Re2 d3 27. Re6 Qg8 28.
Qe1 Re5 29. Rxe5 dxe5 30. fxe5 Qe6 31. Nf6+ Bxf6 32. exf6 Qxf6 33. Qf2 Qf5 34.
Qxf5 gxf5 35. Kf2 Kg6 36. Ke3 Kg5 37. Kf3 h5 38. h4+ Kf6 39. Ke3 Ke5 40. Re1
Kf6 41. Rb1 Ke6 42. Rd1 d2+ 43. Kxd2 Rxb2+ 44. Ke3 Rc2 45. Rb1 Rc3+ 46. Kf2
Rxc4 47. Rb6+ Ke5 48. Rh6 Rc2+ 49. Kf1 Ke4 50. Rxh5 c4 51. Rg5 c3 52. Rg8 Kf3
0-1

[Event "Superettan(Vasteras-Kristallen)"]
[Site "?"]
[Date "2017.10.21"]
[Round "2"]
[White "Landgren, Andreas"]
[Black "Andersson, Goran L"]
[Result "1/2-1/2"]
[WhiteElo "2275"]
[BlackElo "2226"]
[PlyCount "33"]
[EventDate "2017.??.??"]

1. d4 d5 2. c4 c6 3. Nf3 Nf6 4. Nc3 e6 5. e3 Nbd7 6. Qc2 Bd6 7. Bd3 O-O 8. O-O
Qe7 9. b3 dxc4 10. Bxc4 e5 11. Nh4 Nb6 12. Bd3 h6 13. dxe5 Bxe5 14. Nf3 Bd6 15.
Bb2 Bg4 16. Be2 Rfe8 17. h3 1/2-1/2

[Event "Superettan(Vasteras-Kristallen)"]
[Site "?"]
[Date "2017.10.21"]
[Round "2"]
[White "Naslund, Mikael"]
[Black "Jonsson, Mikael"]
[Result "1/2-1/2"]
[WhiteElo "2133"]
[BlackElo "2250"]
[PlyCount "82"]

1. d4 Nf6 2. c4 e6 3. Nf3 Bb4+ 4. Bd2 Qe7 5. g3 O-O 6. Nc3 Bxc3 7. Bxc3 Ne4 8.
Rc1 Nxc3 9. Rxc3 d6 10. Bg2 Nd7 11. O-O e5 12. e4 Nf6 13. Re1 Bg4 14. Qd2 Bxf3
15. Rxf3 c5 16. d5 Rab8 17. a4 Ne8 18. Ra3 Nc7 19. Bf1 Na6 20. f4 Nb4 21. Rf3
Rfe8 22. f5 f6 23. h4 Kf7 24. g4 h6 25. Rg3 Rh8 26. Re2 Rbf8 27. Reg2 Ke8 28.
g5 hxg5 29. hxg5 Rh7 30. Qe2 Rfh8 31. gxf6 Qxf6 32. Qg4 Rh1+ 33. Kf2 R8h4 34.
Qxg7 Rf4+ 35. Ke3 Qxg7 36. Rxg7 Rfxf1 37. Rg8+ Kf7 38. R2g7+ Kf6 39. Rg6+ Kf7
40. R6g7+ Kf6 41. Rg6+ Kf7 1/2-1/2

[Event "Superettan(Vasteras-Kristallen)"]
[Site "?"]
[Date "2017.10.21"]
[Round "2"]
[White "Bergstrom, Peter"]
[Black "Gamback, Bjorn"]
[Result "1/2-1/2"]
[WhiteElo "2287"]
[BlackElo "2157"]
[PlyCount "66"]

1. e4 c5 2. Nf3 e6 3. d4 cxd4 4. Nxd4 a6 5. Nc3 Qc7 6. Be2 b5 7. O-O Bb7 8. Bf3
Nc6 9. Nxc6 dxc6 10. Qe2 e5 11. Nd1 Nf6 12. Bg5 Be7 13. Ne3 Ng8 14. Bxe7 Nxe7
15. c4 O-O 16. a4 Qb6 17. Rfc1 Rfd8 18. a5 Qa7 19. cxb5 axb5 20. Nf5 Ng6 21. g3
Rab8 22. b4 Ba8 23. Rd1 Nf8 24. Rxd8 Rxd8 25. Rd1 Qc7 26. Rxd8 Qxd8 27. Qd1
Qxd1+ 28. Bxd1 Ne6 29. Bb3 Ng5 30. Nd6 Kf8 31. Kg2 f5 32. h4 Nxe4 33. Nxe4 c5
1/2-1/2

[Event "Superettan(Vasteras-Kristallen)"]
[Site "?"]
[Date "2017.10.21"]
[Round "2"]
[White "Celander, Jesper"]
[Black "Norberg, Erik"]
[Result "1/2-1/2"]
[WhiteElo "2089"]
[BlackElo "2229"]
[PlyCount "45"]

1. d4 g6 2. e4 Bg7 3. Nc3 c6 4. Be2 d5 5. e5 f6 6. f4 Nh6 7. Nf3 Bg4 8. O-O O-O
9. a4 a5 10. Ra3 Nd7 11. Rb3 Rb8 12. Ne1 Bxe2 13. Nxe2 fxe5 14. fxe5 Rxf1+ 15.
Kxf1 e6 16. Rh3 c5 17. c3 cxd4 18. cxd4 Rc8 19. Nf3 Nf7 20. Bd2 Nf8 21. Qb3 b6
22. Qd3 Qc7 23. Nc3 1/2-1/2

[Event "Superettan(Vasteras-Kristallen)"]
[Site "?"]
[Date "2017.10.21"]
[Round "2"]
[White "Eriksson, Anders"]
[Black "Persson, Andreas"]
[Result "1/2-1/2"]
[WhiteElo "2236"]
[BlackElo "2155"]
[PlyCount "80"]

1. Nf3 Nf6 2. g3 d5 3. Bg2 e6 4. O-O Be7 5. d4 O-O 6. c4 dxc4 7. Qc2 a6 8. a4
Bd7 9. Qxc4 Bc6 10. Bg5 Bd5 11. Qc2 Be4 12. Qb3 Nc6 13. e3 Bd5 14. Qd1 Ne4 15.
Bxe7 Qxe7 16. Nc3 Nb4 17. Ne5 Nxc3 18. bxc3 Bxg2 19. Kxg2 f6 20. Nf3 Nc6 21.
Qb3 b6 22. e4 Kh8 23. Rfe1 Rfd8 24. Rad1 e5 25. Qc4 Na5 26. Qe2 exd4 27. Rxd4
c5 28. Rxd8+ Qxd8 29. e5 fxe5 30. Nxe5 Qd5+ 31. f3 Nc6 32. c4 Qxe5 33. Qxe5
Nxe5 34. Rxe5 Kg8 35. Re6 Rb8 36. Rc6 Kf7 37. Rc7+ Kf6 38. f4 b5 39. cxb5 axb5
40. axb5 Rxb5 1/2-1/2

[Event "Superettan(Kamraterna-Wasa)"]
[Site "?"]
[Date "2017.10.21"]
[Round "2"]
[White "Hamark, Jesper"]
[Black "Grigorov, Grigor"]
[Result "1/2-1/2"]
[WhiteElo "2328"]
[BlackElo "2510"]
[PlyCount "105"]

1. c4 g6 2. e4 e5 3. Nc3 Bg7 4. g3 Nc6 5. Nge2 d6 6. Bg2 f5 7. d3 Nf6 8. O-O
O-O 9. Nd5 Be6 10. Bg5 Qd7 11. Qd2 Rae8 12. b4 Nd8 13. exf5 Bxf5 14. b5 e4 15.
Bxf6 Bxf6 16. Nxf6+ Rxf6 17. dxe4 Bxe4 18. Nf4 Bxg2 19. Kxg2 Ne6 20. Nd5 Rf7
21. Rae1 c6 22. bxc6 bxc6 23. Nc3 Ref8 24. f4 Ng7 25. Ne4 d5 26. Ng5 Rf6 27.
Re5 Rf5 28. Rfe1 Rxe5 29. Rxe5 Nf5 30. cxd5 cxd5 31. g4 Ne7 32. h3 d4 33. Ne6
Rf6 34. Qxd4 Qxd4 35. Nxd4 Kf7 36. Kg3 Ra6 37. Nf3 Ra3 38. Re2 Nd5 39. Re5 Nb4
40. g5 Nc6 41. Rd5 Rxa2 42. f5 Ne7 43. fxg6+ hxg6 44. Rc5 a5 45. Ne5+ Ke6 46.
Nc4 a4 47. Re5+ Kf7 48. Ra5 Ra1 49. Kf4 Rf1+ 50. Ke4 Re1+ 51. Kf4 Rf1+ 52. Ke4
Re1+ 53. Kf4 1/2-1/2

[Event "Superettan(Kamraterna-Wasa)"]
[Site "?"]
[Date "2017.10.21"]
[Round "2"]
[White "Cramling, Pia"]
[Black "Svenn, Gosta"]
[Result "1-0"]
[WhiteElo "2453"]
[BlackElo "2322"]
[PlyCount "119"]

1. Nf3 Nf6 2. c4 e6 3. g3 b6 4. Bg2 Bb7 5. O-O Be7 6. b3 O-O 7. Bb2 d6 8. d4
Nbd7 9. Nc3 Ne4 10. Qd3 Nxc3 11. Bxc3 Nf6 12. Rad1 Be4 13. Qe3 d5 14. Ne5 Bxg2
15. Kxg2 Qd6 16. Bb2 Rad8 17. Qf3 Ne4 18. Qd3 c5 19. Qb1 cxd4 20. Bxd4 Bf6 21.
Nf3 Bxd4 22. Rxd4 Qb8 23. cxd5 Nc3 24. Qb2 Nxd5 25. Rg4 f6 26. Rc4 Rc8 27. Qc2
Rxc4 28. Qxc4 Rc8 29. Qe4 Qd6 30. Rd1 Qc6 31. Rd4 Ne7 32. Qd3 Nd5 33. Rc4 Qb7
34. Qe4 Re8 35. Kg1 Qf7 36. Nd4 Qd7 37. Rc1 a5 38. Rc4 Nb4 39. a3 Nd5 40. Kg2
Re7 41. h4 Re8 42. Kg1 e5 43. Nf5 Ne7 44. Ne3 Rc8 45. Rxc8+ Qxc8 46. Nc4 Qc7
47. Qa8+ Kf7 48. Qa6 Qd7 49. Nxb6 Qd1+ 50. Kg2 Qxb3 51. Qxa5 Ke6 52. Qc5 Qb2
53. e3 Qe2 54. Qb4 f5 55. Nc4 Qd3 56. Qb6+ Kd5 57. Qb5+ Ke6 58. Qxe5+ Kd7 59.
Qb5+ Kc7 60. Qc5+ 1-0

[Event "Superettan(Kamraterna-Wasa)"]
[Site "?"]
[Date "2017.10.21"]
[Round "2"]
[White "Mohammadi, Amir"]
[Black "Wedberg, Tom"]
[Result "1/2-1/2"]
[WhiteElo "2311"]
[BlackElo "2458"]
[PlyCount "52"]

1. e4 c5 2. Nc3 Nc6 3. g3 g6 4. Bg2 Bg7 5. d3 d6 6. Be3 e5 7. Qd2 Nge7 8. Bh6
O-O 9. h4 f6 10. Bxg7 Kxg7 11. h5 g5 12. h6+ Kh8 13. f4 Ng6 14. fxg5 fxg5 15.
Nf3 g4 16. Nh2 Nd4 17. Nd5 Be6 18. O-O-O Qd7 19. c3 Nf3 20. Bxf3 gxf3 21. Rdf1
Bxd5 22. exd5 Qh3 23. Rhg1 f2 24. Rxf2 Rxf2 25. Qxf2 Qxh6+ 26. Qd2 Qxd2+
1/2-1/2

[Event "Superettan(Kamraterna-Wasa)"]
[Site "?"]
[Date "2017.10.21"]
[Round "2"]
[White "Bellon Lopez, Juan"]
[Black "Madebrink, Lars"]
[Result "1/2-1/2"]
[WhiteElo "2309"]
[BlackElo "2172"]
[PlyCount "166"]

1. d4 d5 2. Bf4 Nf6 3. e3 e6 4. Nd2 Bd6 5. Bg3 O-O 6. c3 c5 7. Bd3 Nc6 8. f4
Bd7 9. Nh3 Rb8 10. a4 a6 11. Bh4 Be7 12. O-O b5 13. axb5 axb5 14. dxc5 b4 15.
Kh1 bxc3 16. bxc3 Bxc5 17. e4 dxe4 18. Nxe4 Be7 19. Nxf6+ Bxf6 20. Bxf6 Qxf6
21. Bxh7+ Kxh7 22. Qxd7 Rb6 23. Qd3+ g6 24. Ng5+ Kg7 25. Ne4 Qf5 26. Qe3 Rb2
27. c4 Rfb8 28. Qc3+ f6 29. Nd6 Qg4 30. Qf3 Qxf3 31. Rxf3 Rd2 32. Nb5 Ra8 33.
Rfa3 Rxa3 34. Nxa3 Nd4 35. Kg1 e5 36. fxe5 fxe5 37. c5 Nb3 38. Nc4 Rc2 39. Ra7+
Kh6 40. Nxe5 Rxc5 41. Nf7+ Kh5 42. h3 Nd2 43. Re7 Kh4 44. Re1 Kg3 45. Ne5 Rc2
46. Ng4 Nc4 47. Ne3 Nxe3 48. Rxe3+ Kh4 49. Kh2 Ra2 50. Re4+ Kg5 51. Kg3 Ra3+
52. Kf2 Kf5 53. Re3 Ra1 54. Rf3+ Kg5 55. Kg3 Ra4 56. Rd3 Kh5 57. Kf3 g5 58. Rd8
Ra3+ 59. Kf2 Ra2+ 60. Kg3 Ra3+ 61. Kh2 Ra2 62. Re8 Rb2 63. Re6 Ra2 64. Re8 Rb2
65. Rh8+ Kg6 66. Ra8 Rc2 67. Ra3 Kh5 68. Kg3 Rc8 69. Kf2 Rb8 70. g3 Rf8+ 71.
Ke2 Re8+ 72. Re3 Ra8 73. Re5 Ra2+ 74. Kf3 Ra3+ 75. Re3 Ra8 76. Rb3 Rf8+ 77. Ke4
Re8+ 78. Kf5 Rf8+ 79. Ke5 g4 80. hxg4+ Kxg4 81. Ke6 Rf3 82. Rxf3 Kxf3 83. g4
Kxg4 1/2-1/2

[Event "Superettan(Kamraterna-Wasa)"]
[Site "?"]
[Date "2017.10.21"]
[Round "2"]
[White "Borvander, Tom"]
[Black "Moreau, Teodor"]
[Result "1/2-1/2"]
[WhiteElo "2145"]
[BlackElo "2316"]
[PlyCount "92"]

1. d4 Nf6 2. c4 c5 3. d5 b5 4. cxb5 a6 5. e3 d6 6. Nc3 g6 7. Nf3 Bg7 8. e4 Nbd7
9. h3 O-O 10. a4 Ne8 11. Be2 axb5 12. Bxb5 Nc7 13. Be2 Ba6 14. O-O Nb6 15. Re1
Nc4 16. Qc2 Qb8 17. Rb1 Qb7 18. Nd1 Ne5 19. Nxe5 Bxe5 20. Bh6 Rfb8 21. Ne3 Qb3
22. Qxb3 Rxb3 23. Bxa6 Rxa6 24. Nc4 Bd4 25. Nd2 Rb4 26. b3 f5 27. exf5 Nxd5 28.
fxg6 hxg6 29. Nf3 Bh8 30. Bd2 Rb7 31. Re4 Bf6 32. Rg4 Rab6 33. a5 Rxb3 34. Rxb3
Rxb3 35. Rxg6+ Kf8 36. Rg4 Nc7 37. h4 d5 38. h5 c4 39. Nd4 Rd3 40. Bh6+ Kf7 41.
Nc6 e5 42. Nb4 Ra3 43. Nxd5 Nxd5 44. Rxc4 Rxa5 45. Bd2 Ra2 46. Bc1 Ke6 1/2-1/2

[Event "Superettan(Kamraterna-Wasa)"]
[Site "?"]
[Date "2017.10.21"]
[Round "2"]
[White "Collett, Peter"]
[Black "Svenn, Matti"]
[Result "1/2-1/2"]
[WhiteElo "2186"]
[BlackElo "2170"]
[PlyCount "87"]

1. d4 Nf6 2. c4 e6 3. Nc3 d5 4. cxd5 exd5 5. Bg5 Be7 6. Qc2 Nbd7 7. e3 O-O 8.
Bd3 c5 9. Nge2 b6 10. O-O Bb7 11. Rad1 c4 12. Bf5 g6 13. Bh3 a6 14. f3 b5 15.
a3 Bc6 16. Ng3 a5 17. e4 b4 18. exd5 Nxd5 19. Bxe7 Qxe7 20. Nxd5 Bxd5 21. Rfe1
Qd8 22. Bxd7 Qxd7 23. Ne4 Qc6 24. Nc5 Rfe8 25. axb4 axb4 26. Qd2 Qb5 27. Ra1
Rxa1 28. Rxa1 Ra8 29. Rxa8+ Bxa8 30. Qe2 Bc6 31. h4 c3 32. Qxb5 Bxb5 33. bxc3
bxc3 34. Kf2 c2 35. Nb3 Ba4 36. Nc1 Kg7 37. Ke3 Kf6 38. Kd2 Ke6 39. Nd3 Kd5 40.
Ke3 Kd6 41. Kd2 Kd5 42. Kc3 Kd6 43. Kd2 Kd5 44. Kc3 1/2-1/2

[Event "Superettan(Kamraterna-Wasa)"]
[Site "?"]
[Date "2017.10.21"]
[Round "2"]
[White "Aroven, Mikael"]
[Black "Astrom, Goran"]
[Result "1/2-1/2"]
[WhiteElo "2084"]
[BlackElo "2261"]
[PlyCount "124"]

1. e4 c5 2. Nf3 e6 3. d4 cxd4 4. Nxd4 a6 5. Bd3 Nf6 6. O-O Qc7 7. Be3 Be7 8.
Nc3 b5 9. a3 Bb7 10. Qe2 Nc6 11. Nb3 Ne5 12. f3 O-O 13. Bd4 d6 14. Qf2 Nc4 15.
Bxc4 Qxc4 16. Na5 Qc7 17. Nxb7 Qxb7 18. Qd2 Rfd8 19. Rfd1 Rac8 20. Rac1 Rc4 21.
Ne2 d5 22. e5 Nd7 23. Qe3 Rdc8 24. c3 Nc5 25. Rf1 Nb3 26. Rcd1 g6 27. g4 Nxd4
28. Nxd4 Bc5 29. Rf2 Qb6 30. f4 Bxd4 31. cxd4 Rc2 32. Rdd2 Rxd2 33. Rxd2 Qc7
34. Kg2 Qc1 35. Qf2 Qb1 36. Re2 Rc1 37. f5 gxf5 38. gxf5 Qxf5 39. Qxf5 exf5 40.
Rd2 Kf8 41. Kg3 Ke7 42. Kf4 Ke6 43. Rd3 Re1 44. Kg5 Re4 45. h3 f4 46. h4 f3 47.
h5 f2 48. Rf3 Rxd4 49. Rxf2 Kxe5 50. Rxf7 Rd2 51. Re7+ Kd4 52. Rxh7 Rxb2 53.
Ra7 Rg2+ 54. Kf6 Rh2 55. Kg6 Kc3 56. Rxa6 d4 57. Rc6+ Kb3 58. Rc5 d3 59. Rxb5+
Kxa3 60. h6 d2 61. Rd5 Kb3 62. h7 Kc2 1/2-1/2

[Event "Superettan(Kristallen-Manhem)"]
[Site "?"]
[Date "2017.10.22"]
[Round "3"]
[White "Akesson, Joel"]
[Black "Andersson, Goran L"]
[Result "1-0"]
[WhiteElo "2296"]
[BlackElo "2226"]
[PlyCount "83"]
[EventDate "2017.??.??"]

1. c4 c6 2. Nf3 d5 3. d4 Nf6 4. e3 e6 5. Bd3 Nbd7 6. O-O dxc4 7. Bxc4 b5 8. Bd3
Bb7 9. e4 Be7 10. Nbd2 a6 11. e5 Nd5 12. Ne4 h6 13. a4 b4 14. Nfd2 c5 15. Nc4
Bc6 16. Ncd6+ Kf8 17. Qh5 Bxd6 18. Nxd6 Qe7 19. Bd2 N5f6 20. Qe2 a5 21. Rfc1
Nd5 22. dxc5 g5 23. Bb5 Nb8 24. Qh5 Kg7 25. Rf1 Nf4 26. Bxf4 gxf4 27. Rae1 Ra7
28. Bxc6 Nxc6 29. Qf3 Nd4 30. Qxf4 Nc2 31. Re4 Qg5 32. Qf3 Kf8 33. h4 Qg7 34.
Qb3 Rg8 35. g3 Nd4 36. Rxd4 Qxe5 37. Nb5 Ra8 38. Qf3 Kg7 39. Rd7 Rgf8 40. Nd6
Qf6 41. Qxf6+ Kxf6 42. Nb5 1-0